Culturas prehispánicas del Perú /
Se describen aquí las principales culturas prehispánicas del Perú, presentadas por orden de aparición temporal. Junto a los incas, que fue el imperio que se levantó en el último siglo antes de la llegada de los españoles, aparecen grupos mucho menos conocidos, como los paracas, los nasca, los pucará...
Guardado en:
| Autor principal: | |
|---|---|
| Formato: | Libro |
| Idioma: | Español |
| Publicado: |
Lima, Perú :
Grimanesa R. Enríquez Lovatón,
2001, c2001
|
| Colección: | (Guía de Arqueología Peruana)
|
| Temas: | |
| Etiquetas: |
Sin etiquetas, Sé el primero en etiquetar este registro!
|
MARC
| LEADER | 00000nam^a2200000^a^4500 | ||
|---|---|---|---|
| 001 | 000174328 | ||
| 005 | 20250521000000.0 | ||
| 009 | 20260310101526.132 | ||
| 037 | |a Acervo ITESO - Biblioteca | ||
| 041 | |a ESP | ||
| 082 | |a 709. 8501 |b CAC | ||
| 100 | |a Cáceres Macedo, Justo |e (autor) | ||
| 245 | 1 | 0 | |a Culturas prehispánicas del Perú / |c J. Cáceres Macedo. |
| 264 | 4 | |a Lima, Perú : |b Grimanesa R. Enríquez Lovatón, |c 2001, c2001 | |
| 300 | |a 194 p. | ||
| 336 | |a texto |b txt |2 rdacontenido | ||
| 337 | |a sin mediación |b n |2 rdamedio | ||
| 338 | |a volumen |b nc |2 rdasoporte | ||
| 440 | 1 | |a (Guía de Arqueología Peruana) | |
| 520 | |a Se describen aquí las principales culturas prehispánicas del Perú, presentadas por orden de aparición temporal. Junto a los incas, que fue el imperio que se levantó en el último siglo antes de la llegada de los españoles, aparecen grupos mucho menos conocidos, como los paracas, los nasca, los pucará, los vicús, por citar algunos. | ||
| 649 | |a XX | ||
| 650 | |a Indígenas de América del Sur - |z Perú - |x Historia - |y Epoca Prehispánica | ||
| 650 | |a Arte Prehispánico | ||
| 650 | |a Arte Peruano | ||
| 650 | |a Arqueología - |z Perú | ||
| 650 | |a Perú - |x Historia - |y Epoca Prehispánica | ||
| 910 | |a Fondo General | ||
| 920 | |a Impresos - Libros | ||
| 930 | |a Reserva Especial | ||
| 905 | |a 103 | ||
| 901 | |a 0500111871 |b IT1 |c REE |u 20250521 | ||
| 902 | |a https://opac.biblio.iteso.mx/vufind/Record/000174328 | ||